000
00266nam a2200109Ia 4500
008
190912s9999||||xx |||||||||||||| ||und||
100
_a
Syed Ameer Ali
245
2
_a
A Short History of the SARACENS
260
_a
Lahore
_b
McGraw-Hill
_c
1993
300
_a
640
942
_c
BK
999
_c
7395
_d
7395